<?xml version="1.0" encoding="UTF-8"?>
<collection xmlns:xsi="http://www.w3.org/2001/XMLSchema-instance" xsi:schemaLocation="http://www.loc.gov/MARC21/slim http://www.loc.gov/standards/marcxml/schema/MARC21slim.xsd" xmlns="http://www.loc.gov/MARC21/slim">
 <record>
  <leader>00000cam a22000004i 4500</leader>
  <controlfield tag="001">UP-1685594773861312566</controlfield>
  <controlfield tag="003">Buklod</controlfield>
  <controlfield tag="005">20070906151046.0</controlfield>
  <controlfield tag="006">i|||||||||||||| | </controlfield>
  <controlfield tag="007">ta</controlfield>
  <controlfield tag="008">170510s1995    caua    rb   |||1 u|eng d</controlfield>
  <datafield tag="020" ind1=" " ind2=" ">
   <subfield code="a">0803962924 (pbk. : alk. paper)</subfield>
  </datafield>
  <datafield tag="035" ind1=" " ind2=" ">
   <subfield code="a">(iLib)UPBAG-00000016964</subfield>
  </datafield>
  <datafield tag="037" ind1=" " ind2=" ">
   <subfield code="a">BC-32416</subfield>
   <subfield code="c">Php1,223.25</subfield>
  </datafield>
  <datafield tag="040" ind1=" " ind2=" ">
   <subfield code="a">DLC</subfield>
   <subfield code="d">BAG</subfield>
   <subfield code="e">rda</subfield>
  </datafield>
  <datafield tag="041" ind1="0" ind2=" ">
   <subfield code="a">eng</subfield>
  </datafield>
  <datafield tag="090" ind1=" " ind2="0">
   <subfield code="a">LB 2822.75</subfield>
   <subfield code="b">L45</subfield>
  </datafield>
  <datafield tag="100" ind1="1" ind2=" ">
   <subfield code="a">Leithwood, Kenneth A.</subfield>
   <subfield code="e">author.</subfield>
  </datafield>
  <datafield tag="245" ind1="1" ind2="0">
   <subfield code="a">Making schools smarter</subfield>
   <subfield code="b">a system for monitoring school and district progress</subfield>
   <subfield code="c">Kenneth Leithwood, Robert Aitken.</subfield>
  </datafield>
  <datafield tag="264" ind1=" " ind2="1">
   <subfield code="a">Thousand Oaks, California</subfield>
   <subfield code="b">Corwin Press, Inc.</subfield>
   <subfield code="c">©1995.</subfield>
  </datafield>
  <datafield tag="300" ind1=" " ind2=" ">
   <subfield code="a">xv, 198 pages</subfield>
   <subfield code="b">illustrations</subfield>
   <subfield code="c">28 cm</subfield>
  </datafield>
  <datafield tag="336" ind1=" " ind2=" ">
   <subfield code="a">text</subfield>
   <subfield code="2">rdacontent</subfield>
  </datafield>
  <datafield tag="337" ind1=" " ind2=" ">
   <subfield code="a">unmediated</subfield>
   <subfield code="2">rdamedia</subfield>
  </datafield>
  <datafield tag="338" ind1=" " ind2=" ">
   <subfield code="a">volume</subfield>
   <subfield code="2">rdacarrier</subfield>
  </datafield>
  <datafield tag="504" ind1=" " ind2=" ">
   <subfield code="a">Includes bibliographical references (pages 187-193) and indexes.</subfield>
  </datafield>
  <datafield tag="505" ind1="0" ind2=" ">
   <subfield code="a">1. Introduction: making schools smarter -- 2. Clarifying assumptions: three perspectives -- 3. What is a learning organization? -- 4. What are schools given to work with? -- 5. What ought to be accomplished? -- 6. Mission and goals, organizational culture -- 7. The core tasks of planning, managing, leading, and instructing -- 8. Structure and organization, information collection, and decision making -- 9. Policies and procedures, community partnerships -- 10. Guidelines for ensuring productive use of monitoring information -- 11. Collecting, analyzing, and interpreting monitoring information -- 12. The district surveys -- 13. The school surveys.</subfield>
  </datafield>
  <datafield tag="520" ind1=" " ind2=" ">
   <subfield code="a">Leithwood and Aitken have created a handbook for developing a system of collaborative assessment, strategic planning, and accountability in schools and districts. This book supplies not only the instruments to obtain data on how well schools and districts are achieving their purposes but also a means by which to establish achievable standards of expectation. The authors' research included studies of Canadian and American schools and involved the participation of district personnel, teachers, students, parents, and board members. The authors used a real school to help them develop their model of an &quot;ideal school&quot; for the year 2000. Using this experimental model as a basis, they describe specific features to be found in an ideal school and present ways to measure comparable features of existing schools and districts. They provide guidelines for using data generated in these assessments to help move schools toward the ideal.</subfield>
  </datafield>
  <datafield tag="520" ind1=" " ind2=" ">
   <subfield code="a">Making Schools Smarter presents a comprehensive process by which a district or a school can learn about its entire operation in order to initiate change based on solid data. Because the authors' ideal school is a &quot;learning organization,&quot; movement toward the ideal helps schools &quot;get smarter&quot; and enhance their collective capacities to serve students better. This is an excellent resource for administrators and superintendents, as well as for students and teachers of educational leadership and school restructuring.</subfield>
  </datafield>
  <datafield tag="650" ind1=" " ind2="0">
   <subfield code="a">Educational evaluation</subfield>
   <subfield code="z">United States.</subfield>
  </datafield>
  <datafield tag="650" ind1=" " ind2="0">
   <subfield code="a">Educational indicators</subfield>
   <subfield code="z">United States.</subfield>
  </datafield>
  <datafield tag="650" ind1=" " ind2="0">
   <subfield code="a">Educational accountability</subfield>
   <subfield code="z">United States.</subfield>
  </datafield>
  <datafield tag="650" ind1=" " ind2="0">
   <subfield code="a">School districts</subfield>
   <subfield code="z">United States</subfield>
   <subfield code="x">Evaluation.</subfield>
  </datafield>
  <datafield tag="700" ind1="1" ind2=" ">
   <subfield code="a">Aitken, Robert</subfield>
   <subfield code="d">1934-</subfield>
   <subfield code="e">author.</subfield>
  </datafield>
  <datafield tag="905" ind1=" " ind2=" ">
   <subfield code="a">FO</subfield>
  </datafield>
  <datafield tag="852" ind1="0" ind2=" ">
   <subfield code="a">UPBAG</subfield>
   <subfield code="b">UPBAG-MAIN</subfield>
   <subfield code="h">LB 2822.75 L45</subfield>
  </datafield>
  <datafield tag="942" ind1=" " ind2=" ">
   <subfield code="a">Book</subfield>
  </datafield>
 </record>
</collection>
